Mediación y conciliación: mediación patrimonial y familiar, conciliación laboral

Saved in:
Bibliografiske detaljer
Hovedforfatter: Dupuis, Juan Carlos G (Author)
Format: Bog
Sprog:spansk
Udgivet: Buenos Aires Abeledo-Perrot 1997
Fag:
Tags: Tilføj Tag
Ingen Tags, Vær først til at tagge denne postø!

MARC

LEADER 00000nam a2200000 a 4500
001 UCO3053
003 CL-VaPUC
008 000714e19970000AG |||||||||||||||||spa|d
082 0 4 |a 347.09  |b DUP  |2 21 
100 0 |a Dupuis, Juan Carlos G  |e author  |9 446883 
245 1 0 |a Mediación y conciliación: mediación patrimonial y familiar, conciliación laboral 
300 |a 477 p 
942 |c BK 
945 |d 20000714 00:00:00  |a vberengu 
260 |a Buenos Aires  |b Abeledo-Perrot  |c 1997 
650 7 |a CONCILIACION  |2 CL-VaPUC  |9 341638 
650 0 |a Conflictos  |9 332195 
650 0 |a Derecho argentino  |9 385298 
650 0 |a Mediación  |9 338396 
650 0 |a Negociación  |9 307187 
650 0 |a Solución de conflictos  |9 266729 
583 |a last modification  |c 20000714 00:00:00  |k Rodrigo Vera 
999 |c 289529  |d 289527 
952 |0 0  |1 0  |4 0  |6 347_090000000000000_DUP_1997  |7 0  |8 A  |9 338048  |a BIBDER  |b BIBDER  |d 2019-11-20  |i 3611124  |o 347.09 DUP 1997  |p 3611124  |r 2019-11-20  |w 2019-11-20  |y BK  |k DER